Normal view
MARC view
- ARYA,C.JAGDISH
Entry Personal Name
001 - CONTROL NUMBER
- control field: 134289
003 - CONTROL NUMBER IDENTIFIER
- control field: NUST
005 - DATE AND TIME OF LATEST TRANSACTION
- control field: 20260429151059.0
008 - FIXED-LENGTH DATA ELEMENTS
- fixed length control field: 260429|| aca||aabn | a|a d
040 ## - CATALOGING SOURCE
- Original cataloging agency: NUST
- Transcribing agency: NUST
100 ## - HEADING--PERSONAL NAME
- Personal name: ARYA,C.JAGDISH
670 ## - SOURCE DATA FOUND
- Source citation: Work cat.: (NUST): ARYA,C.JAGDISH., MATHEMATICAL ANALYSIS FOR BUSINESS ECONOMICS AND THE LIFE AND SOCIAL SCIENCES /, 1993.
